Zefektívnenie získavania súkromných zdrojov pre organizácie tretieho sektora bakalárska práca

Enregistré dans:
Détails bibliographiques
Auteur principal: Belková, Miriam
Collectivité auteur: Národohospodárska fakulta EU. Katedra financií
Autres auteurs: Beličková, Kornélia, 1966-
Format: Livre
Langue:slovaque
Publié: Bratislava 2020
Tags: Ajouter un tag
Pas de tags, Soyez le premier à ajouter un tag!

MARC

LEADER 00000nbm a2200000 4500
001 0265641
005 20200925131841.2
041 0 |a slo 
044 |a SK 
245 1 0 |a Zefektívnenie získavania súkromných zdrojov pre organizácie tretieho sektora  |b bakalárska práca  |c Miriam Belková ; školiteľ: Kornélia Beličková 
264 1 |a Bratislava  |c 2020 
300 |a 45 s. 
100 1 |a Belková, Miriam 
700 1 |a Beličková, Kornélia, 1966- 
710 2 |a Národohospodárska fakulta EU. Katedra financií